مكتبة جامعة عجلون الوطنية

فهرس بحث المكتبة

Normal view MARC view
  • الشبول، محمد فاروق محمد

Entry Personal Name

Number of records used in: 1

001 - CONTROL NUMBER

  • control field: 30618

003 - CONTROL NUMBER IDENTIFIER

  • control field: JO-AjAnu

005 - DATE AND TIME OF LATEST TRANSACTION

  • control field: 20230606075150.0

008 - FIXED-LENGTH DATA ELEMENTS

  • fixed length control field: 230606|| aca||aabn | a|a d

040 ## - CATALOGING SOURCE

  • Original cataloging agency: JO-AjAnu
  • Transcribing agency: JO-AjAnu

100 ## - HEADING--PERSONAL NAME

  • Personal name: الشبول، محمد فاروق محمد

670 ## - SOURCE DATA FOUND

  • Source citation: Work cat.: (JO-AjAnu)15726: الشبول، محمد فاروق محمد, author, العمل وأثر الأجر على عرض العمل و النمو في الإقتصاد الإسلامي = The Labor and the Effect of Wage on the Labor Supply and Growth in Islamic Economy